Statistics for Songs affiliated with Footballers

Click here to take the quiz!

General Stats

  • This quiz has been taken 9 times
  • The average score is 4 of 8

Answer Stats

HintAnswer% Correct
Parado No BailaoNeymar Jr
100%
Open It UpCristiano Ronaldo
89%
Money So BigLionel Messi
78%
Gangsta's ParadiseHarry Maguire
33%
Bad BoyMason Mount
22%
One KissTrent Alexander-Arnold
22%
BodyFederico Chiesa
11%
EnemySergio Ramos
11%

Score Distribution

Percentile by Number Answered

Percent of People with Each Score

Your Score History

You have not taken this quiz